MARC

LEADER 00000nam0a2200000 4500
001 358744
005 20231102011126.0
035 |a (RuTPU)RU\TPU\retro\16015 
090 |a 358744 
100 |a 20200825d1977 m y0rusy50 ca 
101 0 |a rus 
102 |a RU 
105 |a a j 001zy 
200 1 |a Сферическая тригонометрия  |e [учебное пособие]  |f Б. А. Волынский  |g под ред. Д. Н. Пономарева 
210 |a Москва  |c Наука  |d 1977 
215 |a 136 с.  |c ил. 
320 |a Библиогр.: с. 135 
606 |a Сферическая тригонометрия  |2 stltpush  |3 (RuTPU)RU\TPU\subj\58353  |9 76146 
610 1 |a сферические треугольники 
610 1 |a свойства 
610 1 |a основные формулы 
610 1 |a теория 
610 1 |a задачи 
610 1 |a упражнения 
610 1 |a типовые решения 
610 1 |a учебные пособия 
675 |a 514.116(075.8)  |v 4 
700 1 |a Волынский  |b Б. А.  |g Борис Алексеевич 
702 1 |a Пономарев  |b Д. Н.  |4 340 
801 1 |a RU  |b 63413507  |c 20200825 
801 2 |a RU  |b 63413507  |c 20210210  |g RCR 
942 |c BK